Races de chiens préférées des français - Statistiques

Statistiques générales
  • Ce quiz a été pris 156 fois
  • Le résultat moyen est 4 sur 10
Statistiques - réponses
Classement Races de chiens % Correct
5 Berger Allemand
83%
6 Retriever du Labrador
82%
1 Berger australien
81%
2 Golden Retriever
78%
4 Berger Belge
28%
8 Cocker Spaniel Anglais
27%
7 Cavalier King Charles
22%
3 Staffordshire Bull Terrier
21%
9 Berger Américain miniature
12%
10 Setter Anglais
6%
Aucun quiz correspondant
Distribution des résultats
% des personnes avec chaque résultat
Percentile par nombre de réponses
Votre historique - résultats
Vous n’avez pas pris ce quiz